[Event "South Moravia Region-chT 2223"]
[Site "Czech Republic"]
[Date "2023.04.02"]
[Round "11.5"]
[White "Slegl, Milan"]
[Black "Rubes, Pavel"]
[Result "0-1"]
[WhiteElo "1416"]
[BlackElo "1907"]
[PlyCount "92"]
[EventDate "2022.10.09"]
[EventType "team-tourn"]
[EventRounds "11"]
[EventCountry "CZE"]
[SourceTitle "EXT 2024"]
[Source "ChessBase"]
[SourceDate "2023.10.10"]
[SourceVersion "1"]
[SourceVersionDate "2023.10.10"]
[SourceQuality "1"]

1. d4 d5 2. c4 e6 3. Nc3 Nf6 4. Nf3 Be7 5. Qc2 0-0 6. e3 b6 7. cxd5 exd5 8. Bd3 c5 9. 0-0 c4 10. Bf5 Bxf5 11. Qxf5 Qd7 12. Qxd7 Nbxd7 13. Nd2 Bb4 14. f3 Rfe8 15. Kf2 Re7 16. a4 Rae8 17. Re1 a6 18. Na2 Bd6 19. g3 Nb8 20. Nb1 Nc6 21. Bd2 b5 22. axb5 axb5 23. Nac3 Nb4 24. Re2 Nd3+ 25. Kg2 b4 26. Nb5 Bb8 27. Ra6 Rb7 28. Ra5 Re6 29. e4 dxe4 30. fxe4 Rxe4 31. Rxe4 Nxe4 32. Kf3 Nxd2+ 33. Nxd2 Nxb2 34. h4 c3 35. Nb3 Nc4 36. Ra1 Rxb5 37. Nc5 c2 38. Nb3 f6 39. g4 Kf7 40. Ke4 Na3 41. Kd3 Rb6 42. Rf1 Rc6 43. Nc5 Bd6 44. Ne4 c1Q 45. Nxd6+ Ke6 46. Rxc1 Rxc1 0-1

[Event "South Moravia Region-chT 2223"]
[Site "Czech Republic"]
[Date "2023.02.26"]
[Round "9.5"]
[White "Vlcko, Tomas"]
[Black "Rubes, Pavel"]
[Result "1/2-1/2"]
[WhiteElo "1861"]
[BlackElo "1891"]
[PlyCount "26"]
[EventDate "2022.10.09"]
[EventType "team-tourn"]
[EventRounds "11"]
[EventCountry "CZE"]
[SourceTitle "EXT 2024"]
[Source "ChessBase"]
[SourceDate "2023.10.10"]
[SourceVersion "1"]
[SourceVersionDate "2023.10.10"]
[SourceQuality "1"]

1. Nf3 d5 2. g3 Nf6 3. Bg2 c6 4. d4 Bf5 5. 0-0 e6 6. Nbd2 Bd6 7. c4 Nbd7 8. b3 0-0 9. Bb2 Ne4 10. Ne5 Nxd2 11. Qxd2 f6 12. Nxd7 Qxd7 13. Rfe1 Rad8 1/2-1/2

[Event "CZE-chT2E 2122"]
[Site "Czech Republic"]
[Date "2021.12.05"]
[Round "4.7"]
[White "Rubes, Pavel"]
[Black "Pfeffer, Dominik"]
[Result "1/2-1/2"]
[WhiteElo "1903"]
[BlackElo "1743"]
[PlyCount "42"]
[EventDate "2021.10.17"]
[EventType "team-tourn"]
[EventRounds "11"]
[EventCountry "CZE"]
[SourceTitle "EXT 2024"]
[Source "ChessBase"]
[SourceDate "2023.10.10"]
[SourceVersion "1"]
[SourceVersionDate "2023.10.10"]
[SourceQuality "1"]
[WhiteTeam "Kurim"]
[BlackTeam "Borsice"]
[WhiteTeamCountry "CZE"]
[BlackTeamCountry "CZE"]

1. d4 d5 2. c4 c6 3. e3 Nf6 4. Nc3 e6 5. Nf3 Bd6 6. Qc2 Nbd7 7. Be2 0-0 8. 0-0 Re8 9. b3 Nf8 10. Ne5 Ng6 11. Nxg6 hxg6 12. f4 b6 13. Bb2 Bb7 14. Bf3 Ba6 15. Ne2 Rc8 16. Rac1 Qd7 17. Ng3 c5 18. Be2 Bb7 19. Bf3 Ba6 20. Be2 Bb7 21. Bf3 Ba6 1/2-1/2

[Event "Pardubice Czech op-B 27th"]
[Site "Pardubice"]
[Date "2016.07.22"]
[Round "1"]
[White "Dorst, Johannes"]
[Black "Rubes, Pavel"]
[Result "1-0"]
[WhiteElo "2215"]
[BlackElo "1941"]
[PlyCount "97"]
[EventDate "2016.07.22"]
[EventType "swiss"]
[EventRounds "9"]
[EventCountry "CZE"]
[SourceTitle "CBM 173 Extra"]
[Source "ChessBase"]
[SourceDate "2016.08.29"]
[SourceVersion "1"]
[SourceVersionDate "2016.08.29"]
[SourceQuality "1"]

1. e4 c6 2. d4 d5 3. Nc3 dxe4 4. Nxe4 Bf5 5. Ng3 Bg6 6. h4 h6 7. Nf3 Nd7 8. h5 Bh7 9. Bd3 Bxd3 10. Qxd3 Ngf6 11. Bd2 e6 12. 0-0-0 Qc7 13. Kb1 0-0-0 14. Ne4 Nxe4 15. Qxe4 Nf6 16. Qe2 Kb8 17. c4 c5 18. Bc3 Bd6 19. dxc5 Qxc5 20. Ne5 Bxe5 21. Bxe5+ Kc8 22. Rhe1 Qe7 23. Qe3 b6 24. Bd4 Qb7 25. c5 bxc5 26. Rc1 Rd5 27. Bxc5 Kb8 28. Qg3+ Ka8 29. Qxg7 Rc8 30. Qxf6 Rdxc5 31. Rxc5 Rxc5 32. Qxh6 Qd7 33. Qf8+ Rc8 34. Qa3 Qd5 35. Qf3 Qxf3 36. gxf3 Rh8 37. Rh1 Kb7 38. Kc2 Kc6 39. Kd3 Kd5 40. h6 Ke5 41. h7 Kf4 42. Ke2 f5 43. b4 Ke5 44. Rh5 Kd4 45. Rh4+ Ke5 46. Kd3 Kd5 47. Rh5 Ke5 48. Ke3 Kd5 49. Kf4 1-0

[Event "Bohemia South-chT 0405"]
[Site "Czech Republic"]
[Date "2005.??.??"]
[Round "?"]
[White "Fic, Zbynek"]
[Black "Rubes, Pavel"]
[Result "1/2-1/2"]
[WhiteElo "1715"]
[BlackElo "1915"]
[PlyCount "46"]
[EventDate "2004.10.??"]
[EventType "team"]
[EventRounds "11"]
[EventCountry "CZE"]
[SourceTitle "EXT 2007"]
[Source "ChessBase"]
[SourceDate "2006.11.23"]
[SourceVersion "1"]
[SourceVersionDate "2006.11.23"]
[SourceQuality "1"]

1. e4 c6 2. d4 d5 3. e5 Bf5 4. Bd3 Bxd3 5. Qxd3 e6 6. Ne2 Qb6 7. 0-0 c5 8. c3 Nc6 9. Nd2 cxd4 10. cxd4 Nge7 11. f4 Nf5 12. Nf3 h5 13. Kh1 Be7 14. a3 a5 15. Rb1 Qa6 16. Qxa6 Rxa6 17. Bd2 Kd7 18. g3 b5 19. Kg2 Rb8 20. Kf2 b4 21. a4 b3 22. h3 Bb4 23. Rfd1 Bxd2 1/2-1/2

[Event "Bohemia South-chT 0405"]
[Site "Czech Republic"]
[Date "2005.??.??"]
[Round "?"]
[White "Rubes, Pavel"]
[Black "Podbrdsky, Pavel"]
[Result "1/2-1/2"]
[WhiteElo "1915"]
[BlackElo "2095"]
[PlyCount "84"]
[EventDate "2004.10.??"]
[EventType "team"]
[EventRounds "11"]
[EventCountry "CZE"]
[SourceTitle "EXT 2007"]
[Source "ChessBase"]
[SourceDate "2006.11.23"]
[SourceVersion "1"]
[SourceVersionDate "2006.11.23"]
[SourceQuality "1"]

1. d4 Nf6 2. c4 e6 3. Nf3 d5 4. Nc3 c6 5. e3 Be7 6. Be2 0-0 7. 0-0 Nbd7 8. Qc2 a6 9. a4 dxc4 10. Bxc4 Nd5 11. Nxd5 exd5 12. Bd3 Nf6 13. Bd2 a5 14. Rfb1 Re8 15. Ne5 Bd6 16. f4 Ne4 17. Bxe4 dxe4 18. Nc4 Bb4 19. Bxb4 axb4 20. a5 Be6 21. Nb6 Ra6 22. Qc5 Qe7 23. Qxe7 Rxe7 24. Rc1 f6 25. Rc5 Bb3 26. Kf2 Kf7 27. g4 h6 28. Kg3 g5 29. Rf1 Kg7 30. h4 gxh4+ 31. Kxh4 Kg6 32. Rh1 Bf7 33. Kg3 Re8 34. Rch5 Kg7 35. Rc5 Kg6 36. Kh4 Bb3 37. Rg1 Bf7 38. Rf1 Bb3 39. Kg3 Bf7 40. Rh1 Re7 41. Nc8 Rd7 42. Nb6 Re7 1/2-1/2

[Event "Bohemia South-chT 0405"]
[Site "Czech Republic"]
[Date "2005.??.??"]
[Round "?"]
[White "Rubes, Pavel"]
[Black "Zemanek, Jaroslav"]
[Result "1-0"]
[WhiteElo "1915"]
[BlackElo "1870"]
[PlyCount "93"]
[EventDate "2004.10.??"]
[EventType "team"]
[EventRounds "11"]
[EventCountry "CZE"]
[SourceTitle "EXT 2007"]
[Source "ChessBase"]
[SourceDate "2006.11.23"]
[SourceVersion "1"]
[SourceVersionDate "2006.11.23"]
[SourceQuality "1"]

1. d4 d5 2. c4 c6 3. e3 Bf5 4. Nc3 Nf6 5. Qb3 Qb6 6. Qxb6 axb6 7. cxd5 cxd5 8. Nf3 e6 9. Bb5+ Nbd7 10. 0-0 Bd6 11. Bd2 0-0 12. Nh4 Rad8 13. Nxf5 exf5 14. f3 Rfe8 15. Bd3 g6 16. Nb5 Bb8 17. Rac1 Nf8 18. Rc2 Rc8 19. Rfc1 Rxc2 20. Rxc2 Ne6 21. g3 Kg7 22. Kf2 h5 23. Bb4 h4 24. Bd6 hxg3+ 25. hxg3 Nh5 26. Nc7 Bxc7 27. Bxc7 Re7 28. Bxb6 Ng5 29. Bf1 Ne6 30. Rc8 g5 31. b4 f4 32. gxf4 gxf4 33. exf4 Nhxf4 34. a4 Ng6 35. b5 Ngf8 36. Bc5 Nxc5 37. Rxc5 b6 38. Rxd5 Ra7 39. Rd6 Rxa4 40. d5 Rb4 41. Rxb6 Nd7 42. Rb7 Nc5 43. Rc7 Na4 44. d6 Rd4 45. d7 Kf6 46. Rc4 Rxc4 47. d8Q+ 1-0

[Event "Bohemia South-chT 0405"]
[Site "Czech Republic"]
[Date "2004.??.??"]
[Round "?"]
[White "Rubes, Pavel"]
[Black "Hejny, Jaroslav"]
[Result "1/2-1/2"]
[WhiteElo "1915"]
[BlackElo "1925"]
[PlyCount "70"]
[EventDate "2004.10.??"]
[EventType "team"]
[EventRounds "11"]
[EventCountry "CZE"]
[SourceTitle "EXT 2007"]
[Source "ChessBase"]
[SourceDate "2006.11.23"]
[SourceVersion "1"]
[SourceVersionDate "2006.11.23"]
[SourceQuality "1"]

1. d4 d5 2. c4 e6 3. Nc3 Nf6 4. Bg5 Be7 5. e3 Nbd7 6. Nf3 0-0 7. Rc1 c6 8. Bd3 h6 9. Bh4 dxc4 10. Bxc4 Nb6 11. Bb3 Nbd5 12. 0-0 Nxc3 13. bxc3 Ne4 14. Bxe7 Qxe7 15. Qd3 Nf6 16. Ne5 Bd7 17. c4 Rfd8 18. c5 Be8 19. Rc3 Nd7 20. Bc2 Nf8 21. Rc1 f6 22. Nc4 e5 23. Nd6 b5 24. a4 a6 25. Ra3 Rdb8 26. axb5 axb5 27. Rca1 Rxa3 28. Qxa3 exd4 29. exd4 Qe2 30. Qa2+ Kh8 31. Bb3 Qxa2 32. Rxa2 Bd7 33. Ra7 Be6 34. Bc2 Bd5 35. Bf5 Ne6 1/2-1/2

[Event "Bohemia South-chT 0405"]
[Site "Czech Republic"]
[Date "2004.??.??"]
[Round "?"]
[White "Rubes, Pavel"]
[Black "Martisek, Karel"]
[Result "1/2-1/2"]
[WhiteElo "1915"]
[BlackElo "1795"]
[PlyCount "28"]
[EventDate "2004.10.??"]
[EventType "team"]
[EventRounds "11"]
[EventCountry "CZE"]
[SourceTitle "EXT 2007"]
[Source "ChessBase"]
[SourceDate "2006.11.23"]
[SourceVersion "1"]
[SourceVersionDate "2006.11.23"]
[SourceQuality "1"]

1. d4 d5 2. c4 e6 3. Nc3 Nf6 4. Bg5 Nbd7 5. e3 Be7 6. Nf3 0-0 7. Bd3 Re8 8. 0-0 h6 9. Bh4 c6 10. a3 dxc4 11. Bxc4 Nd5 12. Bxe7 Qxe7 13. Qd2 Nxc3 14. Qxc3 e5 1/2-1/2